000 00380nam a2200121 4500
999 _c12176
_d12176
008 190118b ||||| |||| 00| 0 eng d
100 _934485
_aDe Vera-Ruiz, Ellalyn
245 _a640 beneficiaries of 4ps lose livelihood in Boracay/
_cEllalyn De Vera-Ruiz
260 _aPhilippines
_bManila Bulletin
_cc2018
300 _apage 7.
650 0 _934486
_aLivelihood.
942 _2ddc
_cPER